| 000 | 00445nam a22001817a 4500 | ||
|---|---|---|---|
| 003 | LK-CoDNM | ||
| 005 | 20250120151904.0 | ||
| 008 | 241220b |||||||| |||| 00| 0 eng d | ||
| 040 |
_aLK-CoDNM _dLK-CoDNM _eLK-CoDNM |
||
| 041 | _aeng | ||
| 080 |
_a11 _bW36 |
||
| 100 | _aDANDY,JE | ||
| 245 | _aTHE SLOANE HERBARIUM | ||
| 260 |
_c1958 _aLONDON _bBRITISH MUSEUM |
||
| 300 | _aIX,246P. : 96 ill ; 25 cm | ||
| 650 | _ascience | ||
| 942 | _cBK | ||
| 999 |
_c237078 _d237078 |
||